=LDR 00000nam 2200000 4500 =001 INLIS000000000034912 =005 20130612140813 =008 ***********************************ind** =035 ##$$0010-061300000034912 =041 ##$$a ind =082 ##$$a 028.5 =090 ##$$a 028.5, Sar g =100 ##$$a SARTIKA, Yopi =245 ##$$a Gaya, Yopi Sartika =250 ##$$a ( Seri mari bereksprimen ) =260 ##$$a 2008 $b Kota Madya Bekasi =300 ##$$a 14, 59 hlm, ilus, 22 cm =650 ##$$a bacaan kanak-kanak =850 ##$$a NBPNMAT